000 00836nac a22002171u 4500
010 _a011619015
020 _a0521691311
028 _bwww.lib.uk
082 _a330.1
_bD722
090 _c2178
_d2178
100 _a20080729
245 _athe evolutionary foundation of economics
260 _auk:
_bcambridge,2005
_c2005
300 _a577 p. : ill. ; 24 cm.
440 _athe evolutionary foundation of economics
504 _aIncludes bibliographical references and indexes
600 _akurt dopfer
942 _cBB
_k330.1D722
999 _c2178
_d2178